The Law Of Insolvency / (Record no. 64)

MARC details
000 -LEADER
fixed length control field 00480nam a22001577a 4500
005 - DATE AND TIME OF INPUT
control field 20231026064309.0
008 - DATA ELEMENTS--GENERAL INFORMATION
fixed length control field 231026b |||||||| |||| 00| 0 eng d
020 ## - INTERNATIONAL STANDARD BOOK NUMBER
International Standard Book Number 0409056049 ; 0409056057
082 ## - SHELF NUMBER
DDC number 346.7 SMI
100 ## - MAIN AUTHOR
Main author's name Smith, C
Language of a work English
245 ## - TITLE STATEMENT
Title The Law Of Insolvency /
Statement of responsibility, etc. C Smith
260 ## - PUBLICATION, DISTRIBUTION, ETC.
Place of publication, distribution, etc. Durban :
Name of publisher, distributor, etc. Butterworth Publishers (Pty) Ltd,
Date of publication, distribution, etc. 1988
300 ## - PHYSICAL DESCRIPTION
Other physical details xi, 491 pages ;
Dimensions 25,5 cm.
650 ## - SUBJECT`
Broad subject Legal practice
Own subject terms Law
942 ## - ADDED ENTRY ELEMENTS (KOHA)
Item type Books
942 ## - ADDED ENTRY ELEMENTS (KOHA)
-- ALISON_BN_VRIES
Holdings
Source of classification or shelving scheme Not for loan Collection code Home library Current library Shelving location Date acquired Full call number Barcode Price effective from Koha item type
Dewey Decimal Classification   TEXT BOOKS LAW SOCIETY OF NAMIBIA LIBRARY - WINDHOEK LAW SOCIETY OF NAMIBIA LIBRARY - WINDHOEK Civil Procedure and Court 10/26/2023 346.7 SMI LSN/1988/20 10/26/2023 Books